| 000 | 01090nam a2200241Ia 4500 | ||
|---|---|---|---|
| 003 | OSt | ||
| 005 | 20200707142612.0 | ||
| 008 | 191128s1984 eu fr 000 0 spa d | ||
| 020 | _a940602199 | ||
| 040 |
_aCO-JMCR _cCO-JMCR |
||
| 041 | 0 | _aspa | |
| 082 | 0 | 4 |
_a336.3435098 / _bR444m _223 |
| 111 | 2 |
_a Reunión Anual de la Asamblea de Gobernadores _n(25° : _d1984 : _cPunta del Este) _96782 |
|
| 245 | 1 | 0 |
_aMesa redonda sobre la deuda externa de América Latina / _cxxv Reunión Anual de la Asamblea de Gobernadores, Punta del Este, República Oriental del Uruguay |
| 260 |
_aWashington : _bBanco Interamericano de Desarrollo, _c1984 |
||
| 300 |
_a163 páginas ; _c21 cm. |
||
| 500 | _aIncluye notas a pie de página. | ||
| 505 | 0 | _aMaterial de apoyo para la mesa redonda -- Expositores en la Mesa Redonda -- La deuda externa en la temática de los discursos de los gobernadores ante la XXV asamblea | |
| 650 | 1 | 4 |
_aDeuda externa _zAmérica Latina _96783 |
| 650 | 1 | 4 |
_aPolítica económica _zAmérica Latina _96784 |
| 710 | 2 |
_aBanco Interamericano de Desarrollo _96750 |
|
| 942 |
_2ddc _cBK |
||
| 999 |
_c4359 _d4359 |
||